| 000 -LEADER |
| fixed length control field |
00535nam a22001937a 4500 |
| 008 - FIXED-LENGTH DATA ELEMENTS--GENERAL INFORMATION |
| fixed length control field |
131011b xxu||||| |||| 00| 0 ger d |
| 020 ## - INTERNATIONAL STANDARD BOOK NUMBER |
| International Standard Book Number |
9783486588958 |
| 041 0# - LANGUAGE CODE |
| Language code of text/sound track or separate title |
ger |
| 080 ## - UNIVERSAL DECIMAL CLASSIFICATION NUMBER |
| Universal Decimal Classification number |
174.4 |
| 100 1# - Rafti |
| Rafti |
Nagel, Kurt |
| 245 10 - TITLE STATEMENT |
| Title |
Kreativitätstechniken in Unternehmen : |
| Statement of responsibility, etc |
Kurt Nagel |
| 260 ## - |
| -- |
München : |
| -- |
Oldenbourg Verlag ; |
| -- |
2009. |
| 300 ## - |
| -- |
150 f. : |
| -- |
me il. ; |
| -- |
24 cm. |
| 650 #0 - |
| -- |
Etika |
| 650 #0 - |
| -- |
Biznesi |
| 650 #0 - |
| -- |
Etika e biznesit |
| 650 #0 - |
| -- |
Teknikat e kreativitetit |
| 942 ## - ADDED ENTRY ELEMENTS (KOHA) |
| Source of classification or shelving scheme |
|
| Item type |
Books |